| 000 | 00533nam a2200157Ia 4500 | ||
|---|---|---|---|
| 003 | IN-BaIIA | ||
| 008 | 211028s9999 xx 000 0 eng d | ||
| 040 | _cIIA Library | ||
| 080 |
_a083.7:669.71 _bISI |
||
| 110 | _aIndian Standards Institution | ||
| 245 | 0 |
_aIndian standard specification for aluminium and aluminium alloy rivet stock folr cold forged rivets for aircraft purpose _cIndian Standards Institution |
|
| 260 |
_aNew Delhi _bIndian Standards Institution _c1971 |
||
| 300 | _a8p. | ||
| 500 | _aIS 5902 : 1970 | ||
| 942 | _cBK | ||
| 999 |
_c5296 _d5296 |
||